[Event "78.Santo Camp. Veneto Quarti di Finale"]
[Site "Padova ITA"]
[Date "2019.02.16"]
[Round "2.5"]
[White "Calavalle, Giulio"]
[Black "Dionigi, Riccardo"]
[Result "1/2-1/2"]
[WhiteElo "2274"]
[BlackElo "2063"]
[Annotator "Gabriele Ballarin"]
[PlyCount "99"]
[EventDate "2019.02.15"]
[EventType "swiss"]
[EventRounds "5"]
[EventCountry "ITA"]

1. e4 c6 2. d4 d5 3. exd5 cxd5 4. Bd3 Nc6 5. c3 Nf6 6. Bf4 Bg4 7. Qb3 Qd7 8. Nd2 e6 9. Ngf3 Bxf3 10. Nxf3 Bd6 11. Bg3 O-O 12. O-O Bxg3 13. hxg3 Qc7 14. Rfe1 Nd7 15. Qc2 g6 16. Bb5 Rfc8 17. Qd2 Kg7 18. g4 a6 19. Bxc6 Qxc6 20. g5 Qd6 21. Nh2 b5 22. Ng4 a5 23. a3 b4 24. axb4 axb4 25. Rxa8 Rxa8 26. cxb4 Rb8 27. Rc1 Rxb4 28. Rc8 Rc4 29. Rxc4 dxc4 30. g3 Qd5 31. Qf4 Qf5 32. Qxf5 gxf5 33. Ne3 Nb6 34. Kf1 f6 35. gxf6+ Kxf6 36. f4 h5 37. Ke2 Kg6 38. Kd2 h4 39. gxh4 Kh5 40. Ke2 Kxh4 41. Kf3 Kh3 42. d5 exd5 43. Nxf5 Na4 44. Ne3 Nxb2 45. Nxd5 Nd3 46. f5 Kh4 47. Ke4 Kg5 48. Ne3 Kf6 49. Nxc4 Nc5+ 50. Kf4 1/2-1/2

[Event "78.Santo Camp. Veneto Quarti di Finale"]
[Site "Padova ITA"]
[Date "2019.02.16"]
[Round "2.6"]
[White "Rossi, Carlo"]
[Black "Stiz, Massimiliano"]
[Result "1-0"]
[WhiteElo "2256"]
[BlackElo "2055"]
[Annotator "Gabriele Ballarin"]
[PlyCount "35"]
[EventDate "2019.02.15"]
[EventType "swiss"]
[EventRounds "5"]
[EventCountry "ITA"]

1. Nf3 f5 2. d3 Nf6 3. Bg5 d6 4. c3 Nbd7 5. e4 e5 6. exf5 Be7 7. d4 Ne4 8. Be3 O-O 9. dxe5 Nxe5 10. Qd5+ Kh8 11. Nxe5 dxe5 12. Qxe4 Bxf5 13. Qc4 b5 14. Qe2 c5 15. Qxb5 Rb8 16. Qe2 Rf6 17. Na3 Rd6 18. Nc4 1-0

[Event "78.Santo Camp. Veneto Quarti di Finale"]
[Site "Padova ITA"]
[Date "2019.02.16"]
[Round "2.7"]
[White "Bernardini, Tommaso"]
[Black "Loiacono, Leonardo"]
[Result "1/2-1/2"]
[WhiteElo "2036"]
[BlackElo "2249"]
[Annotator "Gabriele Ballarin"]
[PlyCount "90"]
[EventDate "2019.02.15"]
[EventType "swiss"]
[EventRounds "5"]
[EventCountry "ITA"]

1. e4 c5 2. Nc3 Nc6 3. Bb5 Nd4 4. Bc4 d6 5. Nge2 Nxe2 6. Qxe2 e6 7. O-O a6 8. a4 Nf6 9. d3 Be7 10. f4 d5 11. Bb3 d4 12. Nd1 b6 13. Nf2 Bb7 14. g4 h6 15. Bd2 Nd7 16. c3 dxc3 17. Bxc3 O-O 18. Kh1 Bf6 19. Rg1 Bxc3 20. bxc3 Qf6 21. Qd2 Qg6 22. Rg3 e5 23. f5 Qg5 24. Qe2 b5 25. Nh3 Qh4 26. Bd5 Bxd5 27. exd5 Nf6 28. c4 bxc4 29. dxc4 Rab8 30. Rd1 Rfd8 31. a5 Rd7 32. Nf2 Rdb7 33. d6 Rd7 34. Qxe5 Re8 35. Qxc5 Re2 36. Qd4 Rb7 37. Rd2 Ne4 38. Qxe4 Rxd2 39. Qe1 Rbb2 40. Qe8+ Kh7 41. Qxf7 Rb1+ 42. Kg2 Rxf2+ 43. Kxf2 Qxh2+ 44. Kf3 Rb3+ 45. Ke4 Qxg3 1/2-1/2

[Event "78.Santo Camp. Veneto Quarti di Finale"]
[Site "Padova ITA"]
[Date "2019.02.16"]
[Round "2.8"]
[White "Pozzari, Simone"]
[Black "Carlo, Emanuele"]
[Result "0-1"]
[WhiteElo "2017"]
[BlackElo "2206"]
[Annotator "Gabriele Ballarin"]
[PlyCount "86"]
[EventDate "2019.02.15"]
[EventType "swiss"]
[EventRounds "5"]
[EventCountry "ITA"]

1. d4 Nf6 2. c4 e6 3. g3 d5 4. Nf3 dxc4 5. Bg2 c5 6. O-O Nc6 7. dxc5 Qxd1 8. Rxd1 Bxc5 9. Nc3 e5 10. Bg5 Be6 11. Nd2 O-O-O 12. Bxc6 bxc6 13. Nce4 Nxe4 14. Nxe4 Rxd1+ 15. Rxd1 Bd4 16. Bc1 Kc7 17. e3 Bb6 18. Ng5 Bg4 19. f3 Bh5 20. g4 Bg6 21. Kg2 h6 22. Nh3 Bb1 23. a3 Bc2 24. Re1 Rd8 25. Re2 Bb1 26. Rd2 Rd5 27. Rxd5 cxd5 28. Nf2 Bc2 29. Bd2 Kc6 30. h4 d4 31. e4 Kb5 32. h5 Ba5 33. Bxh6 gxh6 34. g5 Bd8 35. g6 fxg6 36. hxg6 Bf6 37. Kg3 d3 38. Kg4 d2 39. Kf5 Bg7 40. Ke6 d1=Q 41. Nxd1 Bxd1 42. Kf7 Bxf3 43. Kxg7 Bxe4 0-1

[Event "78.Santo Camp. Veneto Quarti di Finale"]
[Site "Padova ITA"]
[Date "2019.02.16"]
[Round "2.9"]
[White "Dobboletta, Alex"]
[Black "Piccinno, Matteo"]
[Result "1/2-1/2"]
[WhiteElo "2171"]
[BlackElo "2001"]
[Annotator "Gabriele Ballarin"]
[PlyCount "57"]
[EventDate "2019.02.15"]
[EventType "swiss"]
[EventRounds "5"]
[EventCountry "ITA"]

1. d4 Nf6 2. Nf3 g6 3. c4 Bg7 4. e3 O-O 5. Be2 d6 6. O-O Nbd7 7. Nc3 e5 8. Qc2 c6 9. Rd1 Qc7 10. b3 a6 11. dxe5 Nxe5 12. Bb2 Rd8 13. e4 b5 14. cxb5 cxb5 15. Nxe5 dxe5 16. Rxd8+ Qxd8 17. a4 Bb7 18. axb5 axb5 19. Bxb5 Rxa1+ 20. Bxa1 Qa8 21. Qd1 Nxe4 22. Nxe4 Bxe4 23. Bf1 Qb8 {=} 24. Qe1 Bc6 25. Qa5 Qxb3 26. Qd8+ Bf8 27. Bxe5 Qe6 28. Bc3 Qd6 29. Qf6 {=} 1/2-1/2

[Event "78.Santo Camp. Veneto Quarti di Finale"]
[Site "Padova ITA"]
[Date "2019.02.16"]
[Round "2.10"]
[White "Ghiotto, Marco Luigi"]
[Black "Loiacono, Antonio"]
[Result "1/2-1/2"]
[WhiteElo "1917"]
[BlackElo "2168"]
[Annotator "Gabriele Ballarin"]
[PlyCount "83"]
[EventDate "2019.02.15"]
[EventType "swiss"]
[EventRounds "5"]
[EventCountry "ITA"]

1. d4 d5 2. c4 c6 3. Nf3 Nf6 4. g3 Bg4 5. Bg2 e6 6. O-O Nbd7 7. Qc2 Be7 8. Bf4 O-O 9. Nbd2 Rc8 10. Rac1 c5 11. dxc5 Nxc5 12. Rfd1 Qb6 13. b3 Bf5 14. Qb2 Nce4 15. Be3 Qa6 16. a4 Bc5 17. Bxc5 Rxc5 18. Ne5 Rfc8 19. Nd3 R5c7 20. cxd5 Nc3 21. Rxc3 Rxc3 22. Nc4 Rxd3 23. exd3 exd5 24. Ne3 Bxd3 25. Nxd5 Nxd5 26. Bxd5 Bg6 27. Qe5 h6 28. Bc4 Qc6 29. Rd6 Qe4 30. Qxe4 Bxe4 31. Rd7 Rf8 32. f4 g5 33. Kf2 Kg7 34. Ke3 Bc6 35. Re7 Kf6 36. Re5 {=} Rd8 37. Bd3 gxf4+ 38. gxf4 Rd6 39. Rf5+ Kg7 40. Re5 Kf6 41. Rf5+ Kg7 42. Re5 1/2-1/2

[Event "78.Santo Camp. Veneto Quarti di Finale"]
[Site "Padova ITA"]
[Date "2019.02.16"]
[Round "2.11"]
[White "Marzocchi, Tommaso"]
[Black "Desideri, Leonardo"]
[Result "1-0"]
[WhiteElo "2155"]
[BlackElo "1786"]
[Annotator "Gabriele Ballarin"]
[PlyCount "72"]
[EventDate "2019.02.15"]
[EventType "swiss"]
[EventRounds "5"]
[EventCountry "ITA"]

1. e4 c5 2. Nf3 d6 3. d4 cxd4 4. Nxd4 Nf6 5. Nc3 g6 6. Be3 a6 7. f3 b5 8. Qd2 Bb7 9. h4 h5 10. O-O-O Nbd7 11. Nde2 Qa5 12. Kb1 Bg7 13. Nf4 O-O-O 14. Ncd5 Qxd2 15. Nxe7+ Kb8 16. Rxd2 Rhe8 17. Ned5 Nxd5 18. Nxd5 Bxd5 19. Rxd5 Nc5 20. Bg5 f6 21. Bf4 Nxe4 22. fxe4 Rxe4 23. Bd2 f5 24. Bd3 Rg4 25. Re1 Bf6 26. a4 Bxh4 27. Re6 Rxg2 28. Ba5 Rg1+ 29. Ka2 Rd7 30. axb5 axb5 31. Rxb5+ Rb7 32. Bb6 Re1 33. Rxg6 Re8 34. Rxd6 Bg3 35. Rg6 h4 36. Bxf5 Bc7 1-0

[Event "78.Santo Camp. Veneto Quarti di Finale"]
[Site "Padova ITA"]
[Date "2019.02.16"]
[Round "2.12"]
[White "Negro, Roberto"]
[Black "De Marzi, Davide"]
[Result "1-0"]
[WhiteElo "2141"]
[BlackElo "1704"]
[Annotator "Gabriele Ballarin"]
[PlyCount "61"]
[EventDate "2019.02.15"]
[EventType "swiss"]
[EventRounds "5"]
[EventCountry "ITA"]

1. c4 Nf6 2. g3 g6 3. Bg2 Bg7 4. Nc3 c6 5. e4 d6 6. Nge2 Na6 7. d4 O-O 8. O-O e5 9. h3 exd4 10. Nxd4 Ne8 11. Be3 f5 12. exf5 Bxf5 13. Nxf5 Rxf5 14. Qd2 Nac7 15. Rac1 d5 16. cxd5 Bxc3 17. Qxc3 Nxd5 18. Qb3 Qd7 19. Rfd1 Qf7 20. Bd4 Ndf6 21. Qa3 Nc7 22. Qa4 Nb5 23. Be3 Nd5 24. Bxd5 Rxd5 25. Rxd5 Qxd5 26. Rd1 Qe6 27. Bf4 Re8 28. h4 Qf6 29. Qc4+ Qf7 30. Qxf7+ Kxf7 31. a4 1-0

[Event "78.Santo Camp. Veneto Quarti di Finale"]
[Site "Padova ITA"]
[Date "2019.02.16"]
[Round "2.13"]
[White "Simonetto, Andrea"]
[Black "Pecci, William"]
[Result "1-0"]
[WhiteElo "2222"]
[BlackElo "1918"]
[Annotator "Gabriele Ballarin"]
[PlyCount "95"]
[EventDate "2019.02.15"]
[EventType "swiss"]
[EventRounds "5"]
[EventCountry "ITA"]

1. Nf3 Nf6 2. e3 d5 3. c4 e6 4. b3 Be7 5. Bb2 b6 6. cxd5 Qxd5 7. Nc3 Qd8 8. Be2 Bb7 9. O-O O-O 10. Ne5 c5 11. f4 Nc6 12. Bf3 Nd5 13. Nxd5 exd5 14. d4 Rc8 15. Rc1 Na5 16. Bg4 f5 17. Bf3 Ba6 18. Rf2 c4 19. g4 b5 20. bxc4 dxc4 21. a3 Bb7 22. gxf5 Bxf3 23. Qxf3 Rxf5 24. Qg4 Rf6 25. Rg2 Bf8 26. d5 Qe8 27. Qg5 Kh8 28. Kh1 Nb3 29. Rcg1 h6 30. Ng6+ Rxg6 31. Qxg6 Qxg6 32. Rxg6 c3 33. Rc6 cxb2 34. Rxc8 Nc1 35. Rcxc1 bxc1=Q 36. Rxc1 Bxa3 37. Ra1 Bc5 38. e4 Kg8 39. Ra5 Be3 40. Rxb5 Bxf4 41. Rb7 a5 42. Ra7 a4 43. Rxa4 Kf7 44. Ra6 Ke7 45. Kg2 Be5 46. h3 Bf4 47. Kf3 Be5 48. Kg4 1-0

[Event "78.Santo Camp. Veneto Quarti di Finale"]
[Site "Padova ITA"]
[Date "2019.02.16"]
[Round "2.14"]
[White "Desideri, Alessandro"]
[Black "Vancini, Edoardo"]
[Result "0-1"]
[WhiteElo "1904"]
[BlackElo "2214"]
[Annotator "Gabriele Ballarin"]
[PlyCount "126"]
[EventDate "2019.02.15"]
[EventType "swiss"]
[EventRounds "5"]
[EventCountry "ITA"]

1. e4 e6 2. d3 c5 3. Nf3 Nc6 4. Nbd2 g6 5. g3 Bg7 6. Bg2 Nge7 7. O-O O-O 8. Re1 d6 9. Nf1 h6 10. h4 e5 11. c3 Be6 12. Be3 f5 13. Qd2 Kh7 14. h5 gxh5 15. Bg5 Qd7 16. Bxe7 Nxe7 17. d4 cxd4 18. cxd4 fxe4 19. Rxe4 Bd5 20. Qd3 Bxe4 21. Qxe4+ Qf5 22. Qxb7 Ng6 23. Ne3 Qf6 24. dxe5 dxe5 25. Qe4 Kh8 26. Rd1 Rad8 27. Rxd8 Rxd8 28. Bf1 Ne7 29. Kg2 Qc6 30. Qh4 Rf8 31. Qxh5 Qe4 32. Qg4 Qxg4 33. Nxg4 Nc6 34. Nh4 Rd8 35. Bc4 Rd2 36. Nf5 h5 37. Nge3 Bf8 38. Kf3 Rxb2 39. g4 Nd4+ 40. Nxd4 exd4 41. Nf5 Rc2 42. Bd3 hxg4+ 43. Kxg4 Rxa2 44. Kf3 Bc5 45. Ke4 Rxf2 46. Nxd4 a5 47. Nb3 Bb6 48. Bb5 Rb2 49. Ba4 Ra2 50. Bd7 a4 51. Nc1 Rc2 52. Kd3 Rxc1 53. Bxa4 Kg7 54. Ke2 Kf6 55. Kf3 Ke5 56. Kg2 Kf4 57. Bb3 Rg1+ 58. Kh2 Rg5 59. Kh1 Kf3 60. Bd1+ Kg3 61. Be2 Rg8 62. Bh5 Kf2 63. Kh2 Rh8 0-1

[Event "78.Santo Camp. Veneto Quarti di Finale"]
[Site "Padova ITA"]
[Date "2019.02.16"]
[Round "2.15"]
[White "Giuriati, Paolo"]
[Black "Rosina, Graziano"]
[Result "1-0"]
[WhiteElo "2055"]
[BlackElo "1738"]
[Annotator "Gabriele Ballarin"]
[PlyCount "85"]
[EventDate "2019.02.15"]
[EventType "swiss"]
[EventRounds "5"]
[EventCountry "ITA"]

1. d4 d6 2. Bf4 Nf6 3. Nf3 g6 4. e3 Bg7 5. Be2 Nbd7 6. O-O O-O 7. c4 Qe8 8. h3 e5 9. Bh2 Qe7 10. Nc3 e4 11. Nd2 c6 12. Qc2 Re8 13. b4 b6 14. a4 a5 15. bxa5 bxa5 16. Rab1 Ba6 17. Nb3 Bc8 18. Qd2 d5 19. cxd5 cxd5 20. Nb5 Nb6 21. Nc7 Bd7 22. Nxa5 Nxa4 23. Nxa8 Rxa8 24. Rb8+ Rxb8 25. Bxb8 Bf8 26. Be5 Ne8 27. Ra1 f6 28. Bg3 Qd8 29. Bd1 Nb6 30. Nb7 Qc8 31. Nc5 Bxc5 32. dxc5 Qxc5 33. Bb3 Nc4 34. Bxc4 Qxc4 35. Ra8 Kf7 36. Ra7 Qb5 37. Qa2 g5 38. h4 Kg6 39. hxg5 fxg5 40. Be5 Kf5 41. Qa1 h5 42. Bh8 h4 43. Ra5 1-0

[Event "78.Santo Camp. Veneto Quarti di Finale"]
[Site "Padova ITA"]
[Date "2019.02.16"]
[Round "2.16"]
[White "Tripodi, Enzo"]
[Black "Quaranta, Cristiano"]
[Result "1-0"]
[WhiteElo "2002"]
[BlackElo "2149"]
[Annotator "Gabriele Ballarin"]
[PlyCount "53"]
[EventDate "2019.02.15"]
[EventType "swiss"]
[EventRounds "5"]
[EventCountry "ITA"]

1. e4 e5 2. Nf3 Nc6 3. Bb5 a6 4. Ba4 Nf6 5. d4 b5 6. dxe5 bxa4 7. exf6 Qxf6 8. Nc3 Bd6 9. O-O O-O 10. Nxa4 Re8 11. Nc3 h6 12. Re1 Bb7 13. Nd5 Qg6 14. Nh4 Qe6 15. Nf5 Ne5 16. Nf4 Qc4 17. Nxd6 cxd6 18. b3 Qc3 19. Ba3 f5 20. Nd5 Qc6 21. c4 Kh8 22. exf5 Rf8 23. Qh5 a5 24. Qh3 Rf7 25. f6 Raf8 26. Rxe5 dxe5 27. Bxf8 1-0

[Event "78.Santo Camp. Veneto Quarti di Finale"]
[Site "Padova ITA"]
[Date "2019.02.16"]
[Round "2.17"]
[White "Pasin, Mattia"]
[Black "Lezzerini, Marco"]
[Result "1-0"]
[WhiteElo "1798"]
[BlackElo "2133"]
[Annotator "Gabriele Ballarin"]
[PlyCount "99"]
[EventDate "2019.02.15"]
[EventType "swiss"]
[EventRounds "5"]
[EventCountry "ITA"]

1. d4 e6 2. c4 Bb4+ 3. Bd2 a5 4. Nc3 Nf6 5. a3 Bxc3 6. Bxc3 Ne4 7. Qc2 Nxc3 8. Qxc3 d5 9. Nf3 O-O 10. e3 Nd7 11. b3 b6 12. Bd3 Bb7 13. O-O dxc4 14. bxc4 Bxf3 15. gxf3 Qh4 16. Kh1 Rae8 17. f4 f5 18. Rg1 Qxf2 19. Rg3 Nf6 20. d5 Ng4 21. Rg2 Qxe3 22. Rxg4 g6 23. Rg3 Qxf4 24. Rag1 e5 25. Bc2 Qh4 26. c5 Qf6 27. Qc4 Kh8 28. Ba4 Re7 29. Rd3 e4 30. Rd4 bxc5 31. Qxc5 f4 32. d6 cxd6 33. Rxd6 Qe5 34. Rd5 Qg7 35. Bd1 f3 36. Qe3 Qf6 37. Rd2 Qf4 38. Qxf4 Rxf4 39. Rf2 Kg7 40. Re1 Kf6 41. Re3 g5 42. Kg1 g4 43. Rb2 h5 44. Kf2 h4 45. Re1 Rf5 46. Ke3 g3 47. Rb6+ Kg5 48. hxg3 hxg3 49. Rh1 f2 50. Rh5# 1-0

[Event "78.Santo Camp. Veneto Quarti di Finale"]
[Site "Padova ITA"]
[Date "2019.02.16"]
[Round "2.18"]
[White "Bordin, Silvia"]
[Black "Vianello, Enrico"]
[Result "0-1"]
[WhiteElo "1858"]
[BlackElo "2097"]
[Annotator "Gabriele Ballarin"]
[PlyCount "82"]
[EventDate "2019.02.15"]
[EventType "swiss"]
[EventRounds "5"]
[EventCountry "ITA"]

1. e4 c5 2. Nf3 e6 3. d4 cxd4 4. Nxd4 Nc6 5. Nc3 Qc7 6. Be3 a6 7. Qd2 Nf6 8. f3 Be7 9. O-O-O b5 10. g4 Nxd4 11. Qxd4 Bb7 12. Kb1 Rc8 13. Qb6 b4 14. Qxc7 Rxc7 15. Na4 Nxe4 16. fxe4 Bxe4 17. Bd3 Bxh1 18. Rxh1 O-O 19. b3 Rc6 20. Nb6 d5 21. Bxa6 Bd8 22. Nd7 Rxa6 23. Nxf8 Kxf8 24. Bc5+ Be7 25. Bd4 f6 26. Rf1 Bd6 27. Bb2 Bxh2 28. Rh1 Bd6 29. Rxh7 Kf7 30. c3 e5 31. cxb4 Bxb4 32. Rh8 Bd6 33. a4 d4 34. Kc2 Ke6 35. Rg8 g5 36. Kd3 Kd5 37. Rd8 Rb6 38. Kc2 Ke4 39. a5 Rc6+ 40. Kd1 Ra6 41. Bc1 Bc7 0-1

[Event "78.Santo Camp. Veneto Quarti di Finale"]
[Site "Padova ITA"]
[Date "2019.02.16"]
[Round "2.19"]
[White "Ballotti, Luca"]
[Black "Kacani, Kirk"]
[Result "1-0"]
[WhiteElo "2061"]
[BlackElo "2002"]
[Annotator "Gabriele Ballarin"]
[PlyCount "129"]
[EventDate "2019.02.15"]
[EventType "swiss"]
[EventRounds "5"]
[EventCountry "ITA"]

1. e4 c5 2. Nf3 Nc6 3. Bb5 g6 4. Bxc6 dxc6 5. d3 Bg7 6. h3 Nf6 7. O-O O-O 8. a4 a5 9. Be3 b6 10. Nc3 Nd7 11. Nd2 e5 12. Nc4 Ba6 13. b3 Re8 14. Qd2 Nf8 15. Ne2 Ne6 16. Rad1 Qc7 17. f4 exf4 18. Nxf4 Bd4 19. Nxe6 Rxe6 20. Qf2 Bxc4 21. bxc4 Bxe3 22. Qxe3 f5 23. Rf4 Rae8 24. Qg3 Re5 25. Rxf5 R5e7 26. Qxc7 Rxc7 27. Rf3 Rb8 28. Rb1 Kg7 29. Kf2 Rcb7 30. Ke2 b5 31. cxb5 cxb5 32. Rxb5 Rxb5 33. axb5 Rxb5 34. Rf1 a4 35. Ra1 Ra5 36. Kd2 Kf6 37. Kc3 Ke5 38. g3 h5 39. h4 Ke6 40. Kc4 Ke5 41. Ra2 Ke6 42. c3 Kd6 43. d4 cxd4 44. cxd4 Ra8 45. Kb4 Re8 46. Re2 Ra8 47. Re3 Ra7 48. Ka3 Ra8 49. g4 Ra7 50. Rf3 Re7 51. Rf6+ Kd7 52. Rf4 Ke6 53. g5 Rd7 54. Rf6+ Ke7 55. d5 Rb7 56. d6+ Ke8 57. Rxg6 Rb3+ 58. Kxa4 Rh3 59. e5 Rxh4+ 60. Kb5 Kd7 61. Kc5 Rf4 62. e6+ Ke8 63. Rg8+ Rf8 64. d7+ Ke7 65. Rxf8 1-0

[Event "78.Santo Camp. Veneto Quarti di Finale"]
[Site "Padova ITA"]
[Date "2019.02.16"]
[Round "2.20"]
[White "Sibille, Ettore"]
[Black "Gallana, Marco"]
[Result "0-1"]
[WhiteElo "1980"]
[BlackElo "2267"]
[Annotator "Gabriele Ballarin"]
[PlyCount "78"]
[EventDate "2019.02.15"]
[EventType "swiss"]
[EventRounds "5"]
[EventCountry "ITA"]

1. e4 c5 2. Nc3 d6 3. f4 g6 4. Nf3 Bg7 5. Bb5+ Bd7 6. Bc4 Nc6 7. O-O e6 8. d3 Nge7 9. Qe1 Nd4 10. Nxd4 cxd4 11. Ne2 d5 12. exd5 exd5 13. Bb3 O-O 14. Qf2 Qb6 15. Ng3 a5 16. a3 Qc5 17. Bd2 h5 18. Rfe1 h4 19. Nf1 Nf5 20. Rac1 Rfe8 21. Ba2 Qb5 22. b4 a4 23. Kh1 Rxe1 24. Rxe1 Qc6 25. Bb1 Bf6 26. Bc1 Nd6 27. Nd2 Qc3 28. Nf3 h3 29. Ne5 hxg2+ 30. Kxg2 Bf5 31. Bd2 Bh4 32. Qxh4 Qxd2+ 33. Qf2 Qxf2+ 34. Kxf2 Nb5 35. Nf3 Rc8 36. Rc1 Bxd3 37. Ne5 Be4 38. Ke2 Nxa3 39. Kd2 Nxb1+ 0-1

[Event "78.Santo Camp. Veneto Quarti di Finale"]
[Site "Padova ITA"]
[Date "2019.02.16"]
[Round "2.21"]
[White "Malfagia, Andrea"]
[Black "Marasà, Giuseppe"]
[Result "0-1"]
[WhiteElo "2206"]
[BlackElo "1975"]
[Annotator "Gabriele Ballarin"]
[PlyCount "116"]
[EventDate "2019.02.15"]
[EventType "swiss"]
[EventRounds "5"]
[EventCountry "ITA"]

1. d4 d5 2. c4 c6 3. Nf3 Nf6 4. e3 e6 5. Nc3 Nbd7 6. Qc2 Bd6 7. Be2 dxc4 8. Bxc4 O-O 9. O-O Qe7 10. Rd1 e5 11. h3 e4 12. Ng5 Nb6 13. Bb3 Bf5 14. f3 Rae8 15. Ngxe4 Nxe4 16. fxe4 Bxe4 17. Nxe4 Qxe4 18. Qxe4 Rxe4 19. Bc2 Re7 20. e4 Nd7 21. Bd2 f6 22. b4 Rd8 23. Kf1 Ree8 24. a4 Nb6 25. a5 Nc8 26. Bc3 Ne7 27. Re1 Ng6 28. Rab1 a6 29. Kf2 Ne7 30. g3 Nc8 31. Rbd1 Na7 32. Re2 Nb5 33. Be1 Bf8 34. d5 c5 35. Ba4 cxb4 36. Kf3 Kf7 37. Bxb5 axb5 38. Bf2 Bd6 39. Rb1 Rc8 40. Bd4 Rc4 41. Rd2 Rec8 42. g4 Rc2 43. Rd3 Rh2 44. Rb2 Rxh3+ 45. Ke2 Rh2+ 46. Kf3 Rcc2 47. Rxc2 Rxc2 48. Bb6 Rc3 49. Ke2 Ke7 50. Bd4 Ra3 51. g5 Rxd3 52. Kxd3 h6 53. gxf6+ gxf6 54. Ke2 Kf7 55. Be3 h5 56. Bd2 h4 57. Kf3 b3 58. Bc3 Be5 0-1

[Event "78.Santo Camp. Veneto Quarti di Finale"]
[Site "Padova ITA"]
[Date "2019.02.16"]
[Round "2.22"]
[White "Toniolo, Samuel"]
[Black "Bergamasco, Tommaso"]
[Result "0-1"]
[WhiteElo "1954"]
[BlackElo "2162"]
[Annotator "Gabriele Ballarin"]
[PlyCount "82"]
[EventDate "2019.02.15"]
[EventType "swiss"]
[EventRounds "5"]
[EventCountry "ITA"]

1. e4 Nf6 2. Nc3 d5 3. exd5 Nxd5 4. Bc4 c6 5. Qf3 e6 6. Nge2 Nd7 7. d4 Nxc3 8. bxc3 Be7 9. Ng3 Nf6 10. O-O Bd7 11. Bd3 O-O 12. c4 c5 13. Qxb7 cxd4 14. Bf4 Qc8 15. Qxc8 Raxc8 16. Be5 Bc5 17. Ne2 Ng4 18. Bxd4 e5 19. Bb2 Rfe8 20. Ng3 f5 21. h3 Nh6 22. Rfe1 e4 23. Bf1 g6 24. Ne2 Nf7 25. Nd4 Ba4 26. Nb3 Bf8 27. Bd4 Bg7 28. Bxg7 Kxg7 29. Rad1 Ne5 30. Rd4 Re7 31. c5 Bxb3 32. axb3 Rxc5 33. c4 Rb7 34. Ra1 a5 35. Rd5 Rxd5 36. cxd5 Rxb3 37. Rxa5 Rb1 38. g3 Rd1 39. Kg2 Rd2 40. Ba6 e3 41. d6 Rxf2+ 0-1

[Event "78.Santo Camp. Veneto Quarti di Finale"]
[Site "Padova ITA"]
[Date "2019.02.16"]
[Round "2.23"]
[White "Grandesso, Emanuele"]
[Black "Ottaviani, Gianluca"]
[Result "1-0"]
[WhiteElo "2076"]
[BlackElo "1906"]
[Annotator "Gabriele Ballarin"]
[PlyCount "53"]
[EventDate "2019.02.15"]
[EventType "swiss"]
[EventRounds "5"]
[EventCountry "ITA"]

1. d4 Nf6 2. g3 d5 3. Bg2 g6 4. Nf3 Bg7 5. O-O O-O 6. b3 Ne4 7. Bb2 c5 8. e3 Nc6 9. Nbd2 f5 10. c4 e6 11. a3 b6 12. Qc2 Bb7 {=} 13. Rfd1 Qe7 14. dxc5 Bxb2 15. Qxb2 bxc5 16. Rac1 Rfd8 17. Ne5 Rac8 18. Nd3 Na5 19. Nf4 d4 20. Nxe4 fxe4 21. Bh3 Rc6 22. b4 cxb4 23. axb4 g5 24. Nxe6 Nxc4 25. Rxc4 Rxc4 26. Nxd8 Bd5 27. Rxd4 1-0

[Event "78.Santo Camp. Veneto Quarti di Finale"]
[Site "Padova ITA"]
[Date "2019.02.16"]
[Round "2.24"]
[White "Garbezza, Davide"]
[Black "Pacini, Ermanno"]
[Result "0-1"]
[WhiteElo "1885"]
[BlackElo "2060"]
[Annotator "Gabriele Ballarin"]
[PlyCount "72"]
[EventDate "2019.02.15"]
[EventType "swiss"]
[EventRounds "5"]
[EventCountry "ITA"]

1. d4 Nf6 2. c4 g6 3. Nf3 Bg7 4. Nc3 d6 5. e4 O-O 6. Be2 e5 7. O-O exd4 8. Nxd4 Re8 9. f3 Nc6 10. Be3 Nh5 11. Qd2 Nxd4 12. Bxd4 Nf4 13. Bxg7 Qg5 14. Kf2 Kxg7 15. g3 Qc5+ 16. Ke1 Ng2+ 17. Kd1 Ne3+ 18. Kc1 Nxf1 19. Bxf1 Be6 20. b3 Qa3+ 21. Kc2 a6 22. g4 b5 23. Nd5 Bxd5 24. Qxd5 Rac8 25. cxb5 axb5 26. Qd4+ Kg8 27. Bxb5 c6 28. Bd3 d5 29. h4 dxe4 30. Bxe4 c5 31. Qc4 Rcd8 32. h5 Rd4 33. Qb5 Red8 34. hxg6 Rd2+ 35. Kc3 Qb2+ 36. Kc4 Qd4# 0-1

[Event "78.Santo Camp. Veneto Quarti di Finale"]
[Site "Padova ITA"]
[Date "2019.02.16"]
[Round "2.25"]
[White "Giordani, Luca"]
[Black "Ghods, Maziar"]
[Result "1-0"]
[WhiteElo "1847"]
[BlackElo "2031"]
[Annotator "Gabriele Ballarin"]
[PlyCount "129"]
[EventDate "2019.02.15"]
[EventType "swiss"]
[EventRounds "5"]
[EventCountry "ITA"]

1. e4 g6 2. d4 Bg7 3. Nc3 d6 4. Be3 a6 5. a4 Nc6 6. Be2 e5 7. d5 Nce7 8. Qd2 f5 9. f3 Nf6 10. a5 O-O 11. Bd3 fxe4 12. Bxe4 Nf5 13. Bf2 Bh6 14. Qd3 Bd7 15. Nge2 Qe8 16. Ng3 Nh4 17. O-O Kh8 18. Nd1 Qf7 19. c4 Rae8 20. Ne3 Qe7 21. Rad1 Rf7 22. Qc2 Ref8 23. Kh1 Bc8 24. Bg1 {=} Kg8 25. b4 Bd7 26. c5 Qd8 27. c6 Bc8 28. cxb7 Bxb7 29. Bf2 Nxe4 30. Nxe4 Nf5 31. Ng4 Bg7 32. Qc4 Qa8 33. Ng5 Re7 34. Rd3 Bc8 35. Rfd1 Bd7 36. R3d2 Bb5 37. Qc2 Qe8 38. Ne6 Ba4 39. Qb1 Rxe6 40. dxe6 Bxd1 41. Rxd1 Qxe6 42. Qd3 Qc8 43. Qc4+ Kh8 44. Rc1 h5 45. Ne3 Bh6 46. Rc3 Nxe3 47. Bxe3 Bxe3 48. Rxe3 Rf4 49. Qc2 Qf5 50. Qb3 Rc4 51. Re1 Qf4 52. Qd3 Kg7 53. h3 Qd4 54. Qa3 Qd2 55. Rg1 Qxb4 56. Qe3 Qc5 57. Qg5 Rf4 58. Rb1 Rf7 59. Rb8 Qxa5 60. Qd8 Qa1+ 61. Kh2 g5 62. Qxg5+ Kh7 63. Qxh5+ Kg7 64. Qg5+ Kh7 65. Qg8+ 1-0

[Event "78.Santo Camp. Veneto Quarti di Finale"]
[Site "Padova ITA"]
[Date "2019.02.16"]
[Round "2.26"]
[White "Raccanello, Marianna"]
[Black "Proietti Tocca, Tosca"]
[Result "1/2-1/2"]
[WhiteElo "2029"]
[BlackElo "1824"]
[Annotator "Gabriele Ballarin"]
[PlyCount "136"]
[EventDate "2019.02.15"]
[EventType "swiss"]
[EventRounds "5"]
[EventCountry "ITA"]

1. e4 c5 2. Nf3 d6 3. d4 cxd4 4. Nxd4 Nf6 5. Nc3 a6 6. Bg5 e6 7. f4 Be7 8. Qf3 Qc7 9. O-O-O Nbd7 10. g4 b5 11. Bxf6 Nxf6 12. g5 Nd7 13. f5 Bxg5+ 14. Kb1 Ne5 15. Qh5 Qd8 16. Nxe6 Bxe6 17. fxe6 O-O 18. exf7+ Rxf7 19. Bh3 g6 20. Qe2 Kg7 21. Nd5 Bh4 22. Rhf1 Raa7 23. Nf4 Kh8 24. Ne6 Qe7 25. Rxf7 Nxf7 26. Rf1 Ra8 27. Qd2 Ne5 28. Qf4 Re8 29. Nd4 Bg5 30. Qg3 Nc4 31. Nf3 Bf6 32. Qf4 Nxb2 33. Bd7 Rd8 34. Bc6 Nc4 35. Bd5 Rc8 36. Rf2 a5 37. h4 Ne5 38. Ng5 Bxg5 39. hxg5 a4 40. Qh4 Rf8 41. Rf6 Nd7 42. Rxg6 Rf1+ 43. Kb2 Qe5+ 44. c3 a3+ 45. Kc2 Rf8 46. Rh6 Qe7 47. Re6 Qg7 48. Qh6 Nc5 49. Qxg7+ Kxg7 50. Rxd6 Rf2+ 51. Kd1 Na4 52. Rc6 Rg2 53. Rc7+ Kf8 54. Rxh7 Rxg5 55. Kd2 Rg3 56. Rc7 Ke8 57. c4 bxc4 58. Rxc4 Nb6 59. Bc6+ Ke7 60. Rc2 Kd6 61. Kc1 Ke5 62. Rd2 Re3 63. Kc2 Nc4 64. Rd8 Nd6 65. Bd5 Rg3 66. Ra8 Kd4 67. Ra4+ Ke5 68. Rb4 Rh3 {=} 1/2-1/2